000 00488nam a2200169 i 4500
001 39159
003 ES-MaACL
005 20230906155912.0
007 t|
008 030227s1970 sp ||||1| spa d
100 1 _aCampillo, Joaquín.
_934167
245 1 0 _aIntroducción a la Filosofía de la Educación /
_cJoaquín Campillo.
250 _a1ª ed.
260 _aBurgos :
_bHijos de Santiago Rodríguez,
_c[1970]
300 _a240 p. ;
_c24 cm.
852 _aES-MaACL
_jC-37787
_bR.75278
999 _c39159
_d39159